Mémoires du Marèchal de Turenne / (Record no. 89904)
[ view plain ]
| 000 -LEADER | |
|---|---|
| campo de control de longitud fija | 00771nam a2200205 i 4500 |
| 001 - NÚMERO DE CONTROL | |
| campo de control | 89904 |
| 003 - IDENTIFICADOR DE NÚMERO DE CONTROL | |
| campo de control | ES-MaACL |
| 005 - FECHA Y HORA DE LA ÚLTIMA TRANSACCIÓN | |
| campo de control | 20250819063045.0 |
| 007 - CAMPO FIJO DE DESCRIPCIÓN FÍSICA--INFORMACIÓN GENERAL | |
| campo de control de longitud fija | t| |
| 008 - DATOS DE LONGITUD FIJA--INFORMACIÓN GENERAL | |
| campo de control de longitud fija | 050117m19091914fr ||||1| fre d |
| 080 ## - NÚMERO DE LA CLASIFICACIÓN DECIMAL UNIVERSAL | |
| Número de la Clasificación Decimal Universal | 929 Turesme, Henri de La Tour d'Auvergne.Vicomte |
| 100 1# - ENTRADA PRINCIPAL--NOMBRE DE PERSONA | |
| Nombre de persona | Turenne, Henri de La Tour d'Auvergne, |
| Títulos y otros términos asociados al nombre | Vizconde de, |
| Fechas asociadas al nombre | 1611-1675 |
| 9 (RLIN) | 70554 |
| 245 10 - MENCIÓN DEL TÍTULO | |
| Título | Mémoires du Marèchal de Turenne / |
| Mención de responsabilidad, etc. | publiés pour la Societé de l'Histoire de France par Paul Marichal. |
| 260 ## - PUBLICACIÓN, DISTRIBUCIÓN, ETC. | |
| Lugar de publicación, distribución, etc. | Paris : |
| Nombre del editor, distribuidor, etc. | Renonard, |
| Fecha de publicación, distribución, etc. | 1909-1914 ( |
| Lugar de fabricación/manufactura | Noguet-le-Rotrou : |
| Fabricante | Imp. Danpelley-Gouverner) |
| 300 ## - DESCRIPCIÓN FÍSICA | |
| Extensión | 2 v. ; |
| Dimensiones | 24 cm. |
| 500 ## - NOTA GENERAL | |
| Nota general | Vol. 1º: 1643-1659, Vol. 2º: 1654-1659. |
| 700 1# - ENTRADA AGREGADA--NOMBRE PERSONAL | |
| Nombre de persona | Marichal, Paul. |
| 9 (RLIN) | 76702 |
| 852 ## - LOCALIZACIÓN | |
| Ubicación | ES-MaACL |
| Número de control de estantería | G-2699-2700 |
| Estatus retirado | Estado de pérdida | Estado de daño | No para préstamo | Biblioteca de origen | Biblioteca actual | Ubicación en estantería | Fecha de adquisición | Fuente de adquisición | Total de préstamos | Signatura topográfica completa | Código de barras | Visto por última vez | Precio de reemplazo | Tipo de ítem Koha |
|---|---|---|---|---|---|---|---|---|---|---|---|---|---|---|
| Biblioteca del Ateneo de Madrid | Biblioteca del Ateneo de Madrid | Depósito 2 | 17/01/2008 | G-2699-2700 | 1093888 | 23/02/2023 | 23/02/2023 | Libro impreso |
